000 00405nam a2200145Ia 4500
008 100204s9999 xx 000 0 und d
082 _b24565
100 _aखेडकर सुशिला
245 _aशापित
260 _b"औदुंबर प्रकाशन, मुंबई"
_c2000
300 _a217
630 _aशापित
730 _aशापित
942 _cBOOK
999 _c469744
_d469741